00583 2200205 4500001002100000005001500021035002000036245007300056100002000129250001800149300003900167700002000206260003800226082000800264084001400272020001800286008004100304990001600345990001600361INLIS00000000000114820240404100002 a0010-04240000041 aSarana Budi Daya Walet :bJenis, Fungsi, Aplikasi /cHary k. Nugroho0 aHary k. Nugroho aCet V, Ed Rev aviii, 64 hlm :bilus ;c15 x 23 cm0 aEka Setia Sukma aJakarta :bPenebar Swadaya,c2008 a598 a598 HAR s a979-489-732-9240404 f 0 ind  a00000003117 a00000003118